Hồi ức 50 năm âm nhạc cách mạng miền nam

Spremljeno u:
Bibliografski detalji
Glavni autor: Xuân Hồng
Format: Knjiga
Jezik:Undetermined
Izdano: Tp. HCM Văn nghệ 1997
Teme:
Oznake: Dodaj oznaku
Bez oznaka, Budi prvi tko označuje ovaj zapis!
Thư viện lưu trữ: Trung tâm Học liệu Trường Đại học Cần Thơ
LEADER 00517nam a2200193Ia 4500
001 CTU_53123
008 210402s9999 xx 000 0 und d
020 |b 45000 
082 |a 780.9597 
082 |b X502 
100 |a Xuân Hồng 
245 0 |a Hồi ức 50 năm âm nhạc cách mạng miền nam 
245 0 |c Xuân Hồng 
260 |a Tp. HCM 
260 |b Văn nghệ 
260 |c 1997 
650 |a music 
650 |z vietnam 
980 |a Trung tâm Học liệu Trường Đại học Cần Thơ